[Event "Titled Tuesday intern op 26th Sep Late"]
[Site "Chess.com INT"]
[Date "2023.09.26"]
[Round "8"]
[White "Galego, Luis"]
[Black "Sokolovsky, Yahli"]
[Result "1-0"]
[WhiteElo "2468"]
[BlackElo "2474"]
[PlyCount "63"]
[EventDate "2023.09.26"]
[EventType "swiss (blitz)"]
[EventRounds "11"]
[EventCountry "USA"]
[SourceTitle "EXT 2024"]
[Source "ChessBase"]
[SourceDate "2023.10.10"]
[SourceVersion "1"]
[SourceVersionDate "2023.10.10"]
[SourceQuality "1"]

1. e4 d6 2. Nf3 g6 3. Nc3 Bg7 4. g3 Nf6 5. Bg2 e5 6. 0-0 0-0 7. d3 c6 8. Ne1 Bg4 9. f3 Be6 10. f4 Qb6+ 11. Kh1 exf4 12. gxf4 Bg4 13. Nf3 Nh5 14. Qe1 Nd7 15. f5 gxf5 16. Qh4 Nhf6 17. Bh6 Bxh6 18. Qxh6 Qxb2 19. Ne2 Bxf3 20. Bxf3 Kh8 21. Ng3 Rg8 22. Nxf5 Qxc2 23. Nxd6 Rg7 24. e5 Ng8 25. Qf4 Rf8 26. Be4 Qb2 27. Rg1 Qxe5 28. Rxg7 Kxg7 29. Rg1+ Kh8 30. Nxf7+ Rxf7 31. Qxf7 Qe7 32. Rxg8# 1-0

[Event "Titled Tuesday intern op 12th Sep Late"]
[Site "Chess.com INT"]
[Date "2023.09.12"]
[Round "11"]
[White "Galego, Luis"]
[Black "Fareh, Youness"]
[Result "1-0"]
[WhiteElo "2468"]
[BlackElo "2173"]
[PlyCount "55"]
[EventDate "2023.09.12"]
[EventType "swiss (blitz)"]
[EventRounds "11"]
[EventCountry "USA"]
[SourceTitle "EXT 2024"]
[Source "ChessBase"]
[SourceDate "2023.10.10"]
[SourceVersion "1"]
[SourceVersionDate "2023.10.10"]
[SourceQuality "1"]

1. d4 d5 2. c4 dxc4 3. Nf3 c6 4. e4 b5 5. Bxc4 bxc4 6. Ne5 Qa5+ 7. Nc3 e6 8. Qh5 g6 9. Qf3 Qc7 10. Bf4 Bd6 11. Nxf7 Bxf4 12. Nxh8 Bh6 13. e5 Bg7 14. Ne4 Bxh8 15. Nd6+ Qxd6 16. exd6 Nd7 17. Qxc6 Rb8 18. 0-0 Bxd4 19. Rae1 e5 20. Qxc4 Ngf6 21. Qxd4 Kf7 22. Rxe5 Nxe5 23. Qxe5 Rb7 24. Re1 Bf5 25. h3 h5 26. b4 Rd7 27. b5 h4 28. a4 1-0

[Event "Titled Tuesday intern op 12th Sep Late"]
[Site "Chess.com INT"]
[Date "2023.09.12"]
[Round "5"]
[White "Galego, Luis"]
[Black "Hercegovac, Neven"]
[Result "1-0"]
[WhiteElo "2468"]
[BlackElo "2207"]
[PlyCount "51"]
[EventDate "2023.09.12"]
[EventType "swiss (blitz)"]
[EventRounds "11"]
[EventCountry "USA"]
[SourceTitle "EXT 2024"]
[Source "ChessBase"]
[SourceDate "2023.10.10"]
[SourceVersion "1"]
[SourceVersionDate "2023.10.10"]
[SourceQuality "1"]

1. d4 d5 2. c4 e6 3. Nf3 c6 4. e3 f5 5. cxd5 exd5 6. Ne5 Nf6 7. Bd3 Bd6 8. f4 0-0 9. Nc3 Be6 10. 0-0 Nbd7 11. Bd2 Ne4 12. Be1 Qb6 13. Qc2 c5 14. Nxd5 Bxd5 15. Nxd7 Qc7 16. Nxf8 Rxf8 17. dxc5 Bxc5 18. Bxe4 Bxe4 19. Qb3+ Kh8 20. Rc1 b6 21. Bb4 Qb7 22. Bxc5 bxc5 23. Qxb7 Bxb7 24. Rxc5 Be4 25. Rfc1 Kg8 26. Rc8 1-0

[Event "Titled Tuesday intern op 12th Sep Late"]
[Site "Chess.com INT"]
[Date "2023.09.12"]
[Round "7"]
[White "Galego, Luis"]
[Black "Jarocka, Liwia"]
[Result "0-1"]
[WhiteElo "2468"]
[BlackElo "2208"]
[PlyCount "52"]
[EventDate "2023.09.12"]
[EventType "swiss (blitz)"]
[EventRounds "11"]
[EventCountry "USA"]
[SourceTitle "EXT 2024"]
[Source "ChessBase"]
[SourceDate "2023.10.10"]
[SourceVersion "1"]
[SourceVersionDate "2023.10.10"]
[SourceQuality "1"]

1. d4 c5 2. Nf3 cxd4 3. Nxd4 Nf6 4. c4 Nc6 5. Nc3 g6 6. g3 Bg7 7. Bg2 0-0 8. 0-0 a6 9. Nc2 d6 10. b3 Bg4 11. Bb2 Rc8 12. h3 Bd7 13. Nd5 Nxd5 14. Bxg7 Kxg7 15. cxd5 Nb8 16. Qd4+ Kg8 17. Ne3 Bb5 18. Bf3 a5 19. Ng4 f6 20. Rfc1 Nd7 21. Qa7 Nc5 22. Rxc5 Rxc5 23. Qxb7 Bd7 24. Ne3 Qc8 25. Qa7 Qc7 26. Qa6 Bb5 0-1

[Event "POR-chT"]
[Site "Sao Joao da Madeira"]
[Date "2023.07.20"]
[Round "6.3"]
[White "Galego, Luis"]
[Black "Garcia Molina, Jose"]
[Result "1-0"]
[WhiteElo "2473"]
[BlackElo "2261"]
[PlyCount "87"]
[EventDate "2023.07.17"]
[EventType "team-tourn"]
[EventRounds "9"]
[EventCountry "POR"]
[SourceTitle "CBM 215 Extra"]
[Source "ChessBase"]
[SourceDate "2023.09.30"]
[SourceVersion "1"]
[SourceVersionDate "2023.09.30"]
[SourceQuality "1"]
[WhiteTeam "Assembleia Figueirense"]
[BlackTeam "Ferroviarios do Barreiro"]
[WhiteTeamCountry "POR"]
[BlackTeamCountry "POR"]

1. e4 c5 2. Nf3 d6 3. Bb5+ Nd7 4. 0-0 a6 5. Be2 Ngf6 6. d3 g6 7. a4 b6 8. Nc3 Bb7 9. Bg5 Bg7 10. Nd2 0-0 11. f4 Qc7 12. Qe1 Bc6 13. Qh4 Rfe8 14. Bf3 b5 15. Rae1 e5 16. axb5 axb5 17. f5 Qb7 18. Be2 Rf8 19. Rf2 Qb6 20. Ref1 Ra6 21. fxg6 fxg6 22. Bxf6 Nxf6 23. Bg4 Raa8 24. Be6+ Kh8 25. Nd5 Bxd5 26. exd5 h6 27. Qg3 Kh7 28. Qe3 Qa7 29. c3 Nh5 30. g3 Rxf2 31. Rxf2 Rf8 32. Rxf8 Bxf8 33. Qf2 Qe7 34. Ne4 Kg7 35. Nxd6 Nf6 36. Nxb5 Qb7 37. c4 h5 38. Qe1 Qb8 39. Kg2 Kh6 40. Qa5 h4 41. Qd2+ Kg7 42. Qg5 hxg3 43. Bf5 Qe8 44. Nc7 1-0

[Event "POR-chT"]
[Site "Sao Joao da Madeira"]
[Date "2023.07.20"]
[Round "5.3"]
[White "Plat, Vojtech"]
[Black "Galego, Luis"]
[Result "1/2-1/2"]
[WhiteElo "2516"]
[BlackElo "2473"]
[PlyCount "69"]
[EventDate "2023.07.17"]
[EventType "team-tourn"]
[EventRounds "9"]
[EventCountry "POR"]
[SourceTitle "CBM 215 Extra"]
[Source "ChessBase"]
[SourceDate "2023.09.30"]
[SourceVersion "1"]
[SourceVersionDate "2023.09.30"]
[SourceQuality "1"]
[WhiteTeam "EPGaia"]
[BlackTeam "Assembleia Figueirense"]
[WhiteTeamCountry "POR"]
[BlackTeamCountry "POR"]

1. d4 Nf6 2. c4 e6 3. Nc3 d5 4. cxd5 exd5 5. Bg5 Be7 6. e3 0-0 7. Bd3 c6 8. Qc2 Nbd7 9. Nge2 Re8 10. 0-0 Nf8 11. Kh1 Ng4 12. Bf4 Ng6 13. Bg3 Bd6 14. Nf4 Nxf4 15. exf4 g6 16. Rae1 Rxe1 17. Rxe1 Bd7 18. f3 Nh6 19. Qf2 Qc7 20. Bh4 Bxf4 21. Bf6 Bd6 22. g4 Bf8 23. Qd2 Qb6 24. Bb1 Bg7 25. Bg5 Nxg4 26. fxg4 Bxg4 27. Kg2 Qxd4 28. Qxd4 Bxd4 29. Re7 b5 30. h3 Be6 31. Ne2 Bc5 32. Rc7 Rc8 33. Rb7 Bb6 34. Nf4 Rc7 35. Rb8+ 1/2-1/2

[Event "POR-chT"]
[Site "Sao Joao da Madeira"]
[Date "2023.07.19"]
[Round "4.4"]
[White "Galego, Luis"]
[Black "Dias, Ricardo Pedro Cruz"]
[Result "1-0"]
[WhiteElo "2473"]
[BlackElo "2206"]
[PlyCount "83"]
[EventDate "2023.07.17"]
[EventType "team-tourn"]
[EventRounds "9"]
[EventCountry "POR"]
[SourceTitle "CBM 215 Extra"]
[Source "ChessBase"]
[SourceDate "2023.09.30"]
[SourceVersion "1"]
[SourceVersionDate "2023.09.30"]
[SourceQuality "1"]
[WhiteTeam "Assembleia Figueirense"]
[BlackTeam "Tessera"]
[WhiteTeamCountry "POR"]
[BlackTeamCountry "POR"]

1. e4 c5 2. Nf3 d6 3. g3 Nf6 4. d3 g6 5. Bg2 Bg7 6. 0-0 0-0 7. h3 Nc6 8. Nc3 Rb8 9. Be3 e5 10. Qd2 b5 11. Bh6 b4 12. Nd1 Nd4 13. Nxd4 cxd4 14. Bxg7 Kxg7 15. a3 a5 16. axb4 axb4 17. b3 Bb7 18. f4 Nh5 19. fxe5 dxe5 20. Kh2 f5 21. exf5 Bxg2 22. Qxg2 Rxf5 23. Ra7+ Kh8 24. Rxf5 gxf5 25. Qe2 Qe8 26. Ra5 Rc8 27. Nb2 e4 28. Rxf5 exd3 29. Qxe8+ Rxe8 30. Nxd3 Re2+ 31. Rf2 Rxf2+ 32. Nxf2 Nf6 33. Nd3 Nd5 34. g4 Kg7 35. Kg3 Kf6 36. h4 h6 37. Kf3 Kg7 38. g5 hxg5 39. hxg5 Ne3 40. Nxb4 Kg6 41. Kf4 Kh5 42. Ke4 1-0

[Event "POR-chT"]
[Site "Sao Joao da Madeira"]
[Date "2023.07.18"]
[Round "3.2"]
[White "Pichot, Alan"]
[Black "Galego, Luis"]
[Result "1-0"]
[WhiteElo "2633"]
[BlackElo "2473"]
[PlyCount "121"]
[EventDate "2023.07.17"]
[EventType "team-tourn"]
[EventRounds "9"]
[EventCountry "POR"]
[SourceTitle "CBM 215 Extra"]
[Source "ChessBase"]
[SourceDate "2023.09.30"]
[SourceVersion "1"]
[SourceVersionDate "2023.09.30"]
[SourceQuality "1"]
[WhiteTeam "Gaia"]
[BlackTeam "Assembleia Figueirense"]
[WhiteTeamCountry "POR"]
[BlackTeamCountry "POR"]

1. e4 c5 2. Nf3 e6 3. d4 cxd4 4. Nxd4 Nf6 5. Nc3 d6 6. g4 h6 7. h3 Nc6 8. Bg2 Nxd4 9. Qxd4 Bd7 10. 0-0 Bc6 11. b3 Be7 12. a4 a6 13. Ba3 Qc7 14. Nd5 Bxd5 15. exd5 e5 16. Qd3 a5 17. f4 Nd7 18. Rae1 0-0 19. fxe5 Nxe5 20. Rxe5 dxe5 21. d6 Qb6+ 22. Kh1 Bg5 23. d7 Qc7 24. Be4 Rad8 25. Rd1 Qb6 26. Qf3 Qc7 27. Rd5 Bf4 28. Qd3 Bg5 29. Kg2 Bh4 30. c4 Qb6 31. Bc5 Qf6 32. Qf3 Qg5 33. Qf5 Qxf5 34. gxf5 Be1 35. Rd3 g6 36. Bxb7 gxf5 37. Bxf8 Kxf8 38. c5 e4 39. c6 exd3 40. c7 Ke7 41. c8Q Bb4 42. Bf3 Rxd7 43. Qh8 d2 44. Qe5+ Kf8 45. Bd1 Rd6 46. h4 Re6 47. Qxf5 Kg7 48. Bh5 Re7 49. Qg4+ Kf8 50. Qd4 Kg8 51. Qf6 Rd7 52. Qxh6 d1Q 53. Bxd1 Rxd1 54. Qg5+ Kf8 55. h5 Rd6 56. Kf3 Bd2 57. Qe5 Rh6 58. Ke2 Bb4 59. Qg5 Re6+ 60. Kf3 Rc6 61. h6 1-0

[Event "Olympiad-44"]
[Site "Chennai"]
[Date "2022.08.07"]
[Round "9.2"]
[White "Bogner, Sebastian"]
[Black "Galego, Luis"]
[Result "1-0"]
[WhiteElo "2545"]
[BlackElo "2462"]
[PlyCount "100"]
[EventDate "2022.07.29"]
[EventType "team-swiss"]
[EventRounds "11"]
[EventCountry "IND"]
[SourceTitle "CBM 210"]
[Source "ChessBase"]
[SourceDate "2022.10.31"]
[SourceVersion "1"]
[SourceVersionDate "2022.10.31"]
[SourceQuality "1"]
[WhiteTeam "Switzerland"]
[BlackTeam "Portugal"]
[WhiteTeamCountry "SUI"]
[BlackTeamCountry "POR"]

1. d4 Nf6 2. c4 e6 3. Nf3 Bb4+ 4. Nbd2 d5 5. Qa4+ Nc6 6. e3 0-0 7. a3 Bxd2+ 8. Bxd2 Ne4 9. Qc2 Nxd2 10. Qxd2 Qf6 11. Qc3 Ne7 12. Rc1 c6 13. Bd3 Ng6 14. h4 Re8 15. h5 Nf8 16. Rh4 Qe7 17. h6 g6 18. e4 f5 19. e5 g5 20. Rh5 g4 21. Ng1 Ng6 22. Ne2 dxc4 23. Bxc4 Kh8 24. f3 gxf3 25. gxf3 Bd7 26. Kf2 Rg8 27. Rg1 Be8 28. Rhg5 Bf7 29. Qe3 Rad8 30. b4 Qc7 31. Nf4 Qd7 32. Ne2 Qc7 33. Qb3 Qe7 34. Kf1 b5 35. Bd3 Nh4 36. R5g3 Rxg3 37. Rxg3 Rg8 38. Rxg8+ Kxg8 39. f4 Nf3 40. Qc3 Qh4 41. Qxc6 Qe1+ 42. Kg2 Nh4+ 43. Kh3 Ng6 44. Qc8+ Nf8 45. Qc1 Qxc1 46. Nxc1 Be8 47. Kh4 Kf7 48. Kg5 Bc6 49. Ne2 Nd7 50. Nc3 Kg8 1-0

[Event "Olympiad-44"]
[Site "Chennai"]
[Date "2022.07.31"]
[Round "3.2"]
[White "Al Hosani, Omran"]
[Black "Galego, Luis"]
[Result "0-1"]
[WhiteElo "2215"]
[BlackElo "2462"]
[PlyCount "78"]
[EventDate "2022.07.29"]
[EventType "team-swiss"]
[EventRounds "11"]
[EventCountry "IND"]
[SourceTitle "CBM 210"]
[Source "ChessBase"]
[SourceDate "2022.10.31"]
[SourceVersion "1"]
[SourceVersionDate "2022.10.31"]
[SourceQuality "1"]
[WhiteTeam "United Arab Emirates"]
[BlackTeam "Portugal"]
[WhiteTeamCountry "UAE"]
[BlackTeamCountry "POR"]

1. d4 Nf6 2. c4 e6 3. Nc3 Bb4 4. e3 Bxc3+ 5. bxc3 d6 6. Bd3 e5 7. Ne2 c5 8. 0-0 Nc6 9. d5 Na5 10. e4 h6 11. Ng3 g5 12. Nh5 Nxh5 13. Qxh5 Qf6 14. Bd2 Bd7 15. Qe2 0-0-0 16. Rfb1 b6 17. a4 Rdg8 18. f3 h5 19. Qe3 Qg6 20. Kf2 f5 21. Ke2 g4 22. Kd1 gxf3 23. gxf3 fxe4 24. fxe4 Qg1+ 25. Qxg1 Rxg1+ 26. Kc2 Rg2 27. h4 Rf8 28. Rf1 Rxf1 29. Bxf1 Rh2 30. Bd3 Rxh4 31. Rg1 Bxa4+ 32. Kb1 Rh3 33. Bf1 Rh2 34. Rg8+ Kb7 35. Bg2 Bd1 36. Be3 Bg4 37. Rg7+ Ka6 38. Bf1 Rh1 39. Rf7 Be2 0-1

[Event "POR-chT"]
[Site "Ovar"]
[Date "2022.07.17"]
[Round "2.1"]
[White "Turner, Matthew"]
[Black "Galego, Luis"]
[Result "1/2-1/2"]
[WhiteElo "2469"]
[BlackElo "2462"]
[PlyCount "83"]
[EventDate "2022.07.16"]
[EventType "team-tourn"]
[EventRounds "9"]
[EventCountry "POR"]
[SourceTitle "CBM 209 Extra"]
[Source "ChessBase"]
[SourceDate "2022.09.30"]
[SourceVersion "1"]
[SourceVersionDate "2022.09.30"]
[SourceQuality "1"]
[WhiteTeam "Montemor o Velho"]
[BlackTeam "Assembleia Figueirense"]
[WhiteTeamCountry "POR"]
[BlackTeamCountry "POR"]

1. d4 Nf6 2. Nf3 d6 3. Bf4 Bg4 4. Nbd2 Nbd7 5. h3 Bh5 6. c3 c6 7. Qb3 Qb6 8. e3 a5 9. Bd3 Bg6 10. Bxg6 hxg6 11. 0-0 e6 12. Nc4 Qc7 13. a4 Be7 14. Bh2 Rh5 15. Qc2 b5 16. Ncd2 Nb6 17. e4 Nfd7 18. axb5 cxb5 19. Qd3 Qc6 20. d5 exd5 21. Nd4 dxe4 22. Nxe4 Qd5 23. Rfe1 Kf8 24. Qe2 Kg8 25. Rad1 Bf8 26. Bxd6 Bxd6 27. Nf3 Qc4 28. Nxd6 Qxe2 29. Rxe2 b4 30. cxb4 axb4 31. Re7 Rf8 32. Rd4 b3 33. Re3 Nc5 34. Ne5 g5 35. Nf5 g6 36. Ne7+ Kg7 37. g4 Rhh8 38. Rd6 Nc8 39. Nxc8 Rxc8 40. Rf3 Rc7 41. Rd5 Ne6 42. Kh2 1/2-1/2

[Event "Mindelo op"]
[Site "Mindelo"]
[Date "2022.04.29"]
[Round "8"]
[White "Santiago, Yago de Moura"]
[Black "Galego, Luis"]
[Result "1-0"]
[WhiteElo "2490"]
[BlackElo "2474"]
[PlyCount "164"]
[EventDate "2022.04.22"]
[EventType "swiss"]
[EventRounds "9"]
[EventCountry "KAP"]
[SourceTitle "CBM 208 Extra"]
[Source "ChessBase"]
[SourceDate "2022.07.31"]
[SourceVersion "1"]
[SourceVersionDate "2022.07.31"]
[SourceQuality "1"]

1. d4 Nf6 2. c4 e6 3. Nc3 Bb4 4. e3 c5 5. Bd3 Bxc3+ 6. bxc3 d6 7. Ne2 Nc6 8. 0-0 e5 9. e4 h6 10. dxc5 dxc5 11. Ng3 Be6 12. Qe2 Qa5 13. Bb2 Qa4 14. Rfd1 Na5 15. Bc2 Qc6 16. Rd5 0-0 17. Rad1 Bxd5 18. cxd5 Qa6 19. c4 Nxc4 20. Bd3 b5 21. Bxc4 bxc4 22. Bxe5 Rfe8 23. Bxf6 Qxf6 24. Qxc4 Qd6 25. Nf5 Qf4 26. Qc3 Qe5 27. Qxe5 Rxe5 28. Nd6 Re7 29. f3 Rb8 30. Rd2 Rb4 31. Kf2 Rd7 32. e5 Re7 33. a3 Ra4 34. Nf5 Rd7 35. Rb2 Rd8 36. Ne7+ Kh7 37. d6 Rd7 38. Nc6 c4 39. Rb4 Rxa3 40. Rxc4 Ra2+ 41. Kg3 Re2 42. f4 Rb7 43. Kf3 Rd2 44. Nd4 a5 45. Ke3 Rd1 46. Ke2 Ra1 47. f5 a4 48. e6 a3 49. e7 a2 50. Ra4 Rb2+ 51. Kf3 Rf1+ 52. Kg3 Rb4 53. Rxa2 Rxd4 54. e8Q Rd3+ 55. Kg4 Rd4+ 56. Kh3 Rxf5 57. d7 Rh5+ 58. Kg3 Rg5+ 59. Kf2 Rf5+ 60. Ke3 Rfd5 61. Qxf7 Rxd7 62. Qe6 R4d6 63. Qe4+ g6 64. h3 Rf6 65. Ra8 Rff7 66. Re8 Ra7 67. Qb4 h5 68. Qb2 Rg7 69. Qb8 Rae7+ 70. Rxe7 Rxe7+ 71. Kf4 Rf7+ 72. Ke5 Rf5+ 73. Ke6 Rf1 74. Qa7+ Kh6 75. Qe3+ Kh7 76. Qd2 Kg7 77. Qd7+ Kh6 78. Qd3 Rf8 79. Ke7 Rf5 80. Qxf5 gxf5 81. Kf6 f4 82. Kf5 Kg7 1-0

[Event "Mindelo op"]
[Site "Mindelo"]
[Date "2022.04.28"]
[Round "7"]
[White "Galego, Luis"]
[Black "Del Rio de Angelis, Salvador Gabriel"]
[Result "1/2-1/2"]
[WhiteElo "2474"]
[BlackElo "2452"]
[PlyCount "31"]
[EventDate "2022.04.22"]
[EventType "swiss"]
[EventRounds "9"]
[EventCountry "KAP"]
[SourceTitle "CBM 208 Extra"]
[Source "ChessBase"]
[SourceDate "2022.07.31"]
[SourceVersion "1"]
[SourceVersionDate "2022.07.31"]
[SourceQuality "1"]

1. d4 e6 2. e4 d5 3. exd5 exd5 4. Nf3 Bf5 5. Nc3 c6 6. Bd3 Bxd3 7. Qxd3 Bd6 8. 0-0 Ne7 9. Bd2 Na6 10. Ne2 Qd7 11. Rfe1 0-0 12. Ng3 f6 13. Re2 Rae8 14. Rae1 Nc8 15. Nf5 Rxe2 16. Rxe2 1/2-1/2

[Event "Mindelo op"]
[Site "Mindelo"]
[Date "2022.04.24"]
[Round "4"]
[White "Galego, Luis"]
[Black "Strikovic, Aleksa"]
[Result "1/2-1/2"]
[WhiteElo "2474"]
[BlackElo "2489"]
[PlyCount "27"]
[EventDate "2022.04.22"]
[EventType "swiss"]
[EventRounds "9"]
[EventCountry "KAP"]
[SourceTitle "CBM 208 Extra"]
[Source "ChessBase"]
[SourceDate "2022.07.31"]
[SourceVersion "1"]
[SourceVersionDate "2022.07.31"]
[SourceQuality "1"]

1. e4 e5 2. Nf3 Nc6 3. Bb5 a6 4. Ba4 Nf6 5. 0-0 Be7 6. Re1 b5 7. Bb3 0-0 8. c3 d6 9. h3 Re8 10. d4 Bb7 11. Ng5 Rf8 12. Nf3 Re8 13. Ng5 Rf8 14. Nf3 1/2-1/2

[Event "Titled Tuesday intern op 05th Apr Late"]
[Site "Chess.com INT"]
[Date "2022.04.05"]
[Round "3"]
[White "Galego, Luis"]
[Black "Bortnyk, Olexandr"]
[Result "1-0"]
[WhiteElo "2474"]
[BlackElo "2604"]
[PlyCount "73"]
[EventDate "2022.04.05"]
[EventType "swiss (blitz)"]
[EventRounds "11"]
[EventCountry "USA"]
[SourceTitle "CBM 207 Extra"]
[Source "ChessBase"]
[SourceDate "2022.05.31"]
[SourceVersion "1"]
[SourceVersionDate "2022.05.31"]
[SourceQuality "1"]

1. e4 Nf6 2. e5 Nd5 3. Nc3 Nb6 4. Nf3 d5 5. d4 Bf5 6. a4 a5 7. Bd3 Bxd3 8. Qxd3 e6 9. 0-0 c5 10. Nb5 c4 11. Qe2 Nc6 12. c3 Qd7 13. Ng5 h6 14. Nh3 g5 15. f4 gxf4 16. Nxf4 0-0-0 17. Nh5 Kb8 18. Nf6 Qc8 19. Bf4 Ka8 20. Bg3 Be7 21. Nd6 Bxd6 22. exd6 Nd7 23. Qh5 Nxf6 24. Rxf6 Rd7 25. Raf1 Qe8 26. Rxh6 Rg8 27. Be5 Ka7 28. h4 Ka6 29. Rh7 b6 30. Rfxf7 Rxf7 31. Qxf7 Qa8 32. Qxe6 Nxe5 33. Qxe5 Rg4 34. Qe7 Re4 35. Qd7 Re1+ 36. Kf2 Qc6 37. Qa7# 1-0

[Event "Titled Tuesday intern op 05th Apr Late"]
[Site "Chess.com INT"]
[Date "2022.04.05"]
[Round "10"]
[White "Koziorowicz, Michal"]
[Black "Galego, Luis"]
[Result "0-1"]
[WhiteElo "2231"]
[BlackElo "2474"]
[PlyCount "76"]
[EventDate "2022.04.05"]
[EventType "swiss (blitz)"]
[EventRounds "11"]
[EventCountry "USA"]
[SourceTitle "CBM 207 Extra"]
[Source "ChessBase"]
[SourceDate "2022.05.31"]
[SourceVersion "1"]
[SourceVersionDate "2022.05.31"]
[SourceQuality "1"]

1. e4 c6 2. d4 d5 3. e5 Bf5 4. Nc3 e6 5. g4 Bg6 6. Nge2 Qh4 7. Nf4 Nd7 8. Ng2 Qd8 9. h4 h6 10. Nf4 Bh7 11. Be3 Qb6 12. Qd2 0-0-0 13. Bd3 Bxd3 14. Qxd3 Bb4 15. 0-0 g5 16. Nfe2 h5 17. Bxg5 hxg4 18. Bxd8 Qxd8 19. Kg2 Ne7 20. Rh1 Ng6 21. h5 Nh4+ 22. Kf1 Rxh5 23. Ng3 Rh8 24. Ke2 c5 25. Nb5 cxd4 26. Qxd4 Bc5 27. Qc3 Kb8 28. b4 Bb6 29. a4 a6 30. a5 Ba7 31. Nxa7 Kxa7 32. Qd4+ Kb8 33. Qxg4 Nxe5 34. Qf4 Nhg6 35. Rxh8 Nxf4+ 36. Ke3 Qxh8 37. Rh1 Qf6 38. Rh2 Ng4+ 0-1

[Event "Titled Tuesday intern op 05th Apr Late"]
[Site "Chess.com INT"]
[Date "2022.04.05"]
[Round "4"]
[White "Leiva Rodriguez, Jeammarco Giuseppe"]
[Black "Galego, Luis"]
[Result "1-0"]
[WhiteElo "2405"]
[BlackElo "2474"]
[PlyCount "117"]
[EventDate "2022.04.05"]
[EventType "swiss (blitz)"]
[EventRounds "11"]
[EventCountry "USA"]
[SourceTitle "CBM 207 Extra"]
[Source "ChessBase"]
[SourceDate "2022.05.31"]
[SourceVersion "1"]
[SourceVersionDate "2022.05.31"]
[SourceQuality "1"]

1. e4 c5 2. Nf3 d6 3. Bb5+ Nd7 4. c3 a6 5. Ba4 g6 6. 0-0 Bg7 7. Re1 Ngf6 8. d4 0-0 9. e5 Nd5 10. Bb3 N5b6 11. e6 fxe6 12. Ng5 Nf6 13. Bxe6+ Kh8 14. dxc5 Nbd7 15. cxd6 exd6 16. Qxd6 Qa5 17. Nf7+ Kg8 18. Ne5+ Kh8 19. b4 Qb6 20. Nf7+ Kg8 21. Ng5+ Kh8 22. Bf4 h6 23. Nf7+ Kh7 24. Nd2 Nh5 25. Bxd7 Bxd7 26. Qxb6 Nxf4 27. Ne5 Bf5 28. Ndf3 Rac8 29. Qxb7 Rxc3 30. Qxa6 g5 31. h3 Rf6 32. Qa7 Re6 33. Qd4 Rc2 34. Qd5 Ne2+ 35. Rxe2 Rxe2 36. Rb1 Bxe5 37. Nxe5 R2xe5 38. Qb7+ Kg6 39. Rc1 g4 40. hxg4 Bxg4 41. f3 Bf5 42. Qc7 Bd3 43. Rc6 Bb5 44. Rxe6+ Rxe6 45. Qg3+ Kf6 46. Qf4+ Kg6 47. Qg4+ Kf6 48. Qh4+ Kg6 49. Qg3+ Kf6 50. Qf4+ Kg6 51. a3 Rf6 52. Qe4+ Kg7 53. Qb7+ Kg6 54. Qxb5 Rxf3 55. gxf3 h5 56. Qc5 h4 57. b5 h3 58. b6 h2+ 59. Kxh2 1-0

[Event "Titled Tuesday intern op 08th Mar Late"]
[Site "Chess.com INT"]
[Date "2022.03.08"]
[Round "6"]
[White "Dias, Joao Batista de Sou"]
[Black "Galego, Luis"]
[Result "0-1"]
[WhiteElo "1838"]
[BlackElo "2474"]
[PlyCount "26"]
[EventDate "2022.03.08"]
[EventType "swiss (blitz)"]
[EventRounds "11"]
[EventCountry "USA"]
[SourceTitle "CBM 207 Extra"]
[Source "ChessBase"]
[SourceDate "2022.05.31"]
[SourceVersion "1"]
[SourceVersionDate "2022.05.31"]
[SourceQuality "1"]

1. d4 Nf6 2. e3 d6 3. Bd3 e5 4. dxe5 dxe5 5. Ne2 e4 6. Bc4 Qxd1+ 7. Kxd1 Nc6 8. c3 Bg4 9. h3 0-0-0+ 10. Ke1 Bh5 11. Nd2 Ne5 12. Nf4 Nxc4 13. Nxc4 Rd1# 0-1

[Event "Titled Tuesday intern op 08th Mar Late"]
[Site "Chess.com INT"]
[Date "2022.03.08"]
[Round "4"]
[White "Galego, Luis"]
[Black "Cupid, Kevin"]
[Result "0-1"]
[WhiteElo "2474"]
[BlackElo "2154"]
[PlyCount "86"]
[EventDate "2022.03.08"]
[EventType "swiss (blitz)"]
[EventRounds "11"]
[EventCountry "USA"]
[SourceTitle "CBM 207 Extra"]
[Source "ChessBase"]
[SourceDate "2022.05.31"]
[SourceVersion "1"]
[SourceVersionDate "2022.05.31"]
[SourceQuality "1"]

1. e4 c6 2. d4 d5 3. e5 Bf5 4. Be3 Qb6 5. Qc1 e6 6. c4 dxc4 7. Bxc4 Qa5+ 8. Nc3 Ne7 9. Nf3 Bg4 10. Be2 Nf5 11. 0-0 Nd7 12. h3 Bh5 13. Ne4 Qd5 14. Nc3 Qa5 15. Rd1 Be7 16. Bg5 Bxf3 17. Bxf3 Bxg5 18. Qxg5 h6 19. Qf4 0-0 20. d5 cxd5 21. Nxd5 Rfe8 22. Nf6+ Nxf6 23. exf6 g5 24. Qg4 Qe5 25. Bxb7 Rab8 26. Bc6 Rec8 27. Be4 Rxb2 28. Bxf5 exf5 29. Qh5 Qxf6 30. Rd7 Rcc2 31. Rf1 Rxa2 32. h4 Kg7 33. hxg5 hxg5 34. Rb7 Rcb2 35. Rc7 Rc2 36. Rb7 Rd2 37. Rb8 Rd8 38. Rxd8 Qxd8 39. Qf3 Qd7 40. Rb1 Rd2 41. Rb7 Rd1+ 42. Kh2 Qd6+ 43. g3 Qh6+ 0-1

[Event "Titled Tuesday intern op 08th Mar Late"]
[Site "Chess.com INT"]
[Date "2022.03.08"]
[Round "7"]
[White "Galego, Luis"]
[Black "Golubev, Mikhail"]
[Result "0-1"]
[WhiteElo "2474"]
[BlackElo "2461"]
[PlyCount "50"]
[EventDate "2022.03.08"]
[EventType "swiss (blitz)"]
[EventRounds "11"]
[EventCountry "USA"]
[SourceTitle "CBM 207 Extra"]
[Source "ChessBase"]
[SourceDate "2022.05.31"]
[SourceVersion "1"]
[SourceVersionDate "2022.05.31"]
[SourceQuality "1"]

1. e4 c5 2. Nf3 d6 3. d4 Nf6 4. Bb5+ Nbd7 5. e5 Qa5+ 6. Nc3 Nd5 7. Bd2 Nxc3 8. Bxd7+ Bxd7 9. Bxc3 Qa6 10. d5 0-0-0 11. Ng5 dxe5 12. Nxf7 Qg6 13. Nxh8 Qxg2 14. Kd2 Qg5+ 15. Ke1 Qg2 16. Rf1 Bb5 17. Kd2 Rxd5+ 18. Kc1 Rxd1+ 19. Rxd1 Qxf2 20. a4 Be2 21. Re1 g6 22. b3 Bh6+ 23. Kb2 Bd3 24. Bxe5 Qxc2+ 25. Ka3 Bd2 0-1